000 00744cab a22002175a 4500
001 L159537
008 150113e2017 xxk 000 0 eng d
035 _a(Sirsi) u159537
041 0 _aeng
050 _a692.5 $2 18
100 1 _aGreen, Shelby
245 0 0 _aLaser pointers
_h[electronic resource]
260 _aLondon
_bRICS
_c2017
490 _aRICS Building Surveying Journal
_vJuly - August 2017, 8-9(2)
520 _aExplains how laser scanning can be used with building information modelling in surveying buildings.
650 2 4 _aSCANNING
651 4 _aUnited Kingdom
_y
690 _aBIM
_96219
856 4 0 _uhttps://issuu.com/ricsmodus/docs/building_surveying_journal_july___a
_yAvailable free online via Issuu
942 _n0
_2ddc
999 _c84876
_d84876